Impact of MNREGA on rural households: Selected GPs in (North) Karnataka (Record no. 512873)

000 -LEADER
fixed length control field 00598nam a22001577a 4500
008 - FIXED-LENGTH DATA ELEMENTS--GENERAL INFORMATION
fixed length control field 191224b ||||| |||| 00| 0 eng d
100 ## - MAIN ENTRY--PERSONAL NAME
Personal name Peter, Pesala
245 ## - TITLE STATEMENT
Title Impact of MNREGA on rural households: Selected GPs in (North) Karnataka
260 ## - PUBLICATION, DISTRIBUTION, ETC. (IMPRINT)
Name of publisher, distributor, etc IASSI Quarterly: Contributions to Indian Social Science
300 ## - PHYSICAL DESCRIPTION
Extent 38(3), Jul-Sep, 2019: p.492-505.
650 ## - SUBJECT ADDED ENTRY--TOPICAL TERM
Topical term or geographic name as entry element Employment, Rural - India - Karnataka
9 (RLIN) 14866
700 ## - ADDED ENTRY--PERSONAL NAME
Personal name Maruthi, I.
9 (RLIN) 14867
773 ## - HOST ITEM ENTRY
Main entry heading IASSI Quarterly: Contributions to Indian Social Science
906 ## - LOCAL DATA ELEMENT F, LDF (RLIN)
Subject DIP Employment - India - Karnataka
942 ## - ADDED ENTRY ELEMENTS (KOHA)
Source of classification or shelving scheme
Item type Articles
Holdings
Withdrawn status Lost status Source of classification or shelving scheme Damaged status Not for loan Permanent location Current location Date acquired Serial Enumeration / chronology Barcode Date last seen Koha item type
          Indian Institute of Public Administration Indian Institute of Public Administration 2019-12-24 38(3), Jul-Sep, 2019: p.492-505. AR122202 2019-12-24 Articles

Powered by Koha